| 000 | 00000nam##2200000za#4500 |
| 001 | 9.614962 |
| 003 | CaOODSP |
| 005 | 20210615100939 |
| 007 | ta |
| 008 | 150406|2000||||xxc||||| f|0| 0 eng|d |
| 020 | |a0-660-17919-9 |
| 022 | |a1200-5223 |
| 040 | |aCaOODSP|beng |
| 043 | |an-cn--- |
| 086 | 1 |aCS11-0019/142E |
| 245 | 00|aWho moves? A panel logit model analysis of inter-provincial migration in Canada / |cby Ross Finnie. |
| 260 | |aOttawa - Ontario : |bStatistics Canada. |c2000. |
| 300 | |a27p. : |breferences, tables ; |c28 cm. |
| 490 | 1 |aResearch paper series|x1200-5223|v142 |
| 500 | |a"Panel logit models of the probability of moving from one year to the next are estimated using samples derived from the Longitudinal Administrative Database covering the period 1982-95. Explanatory variables include "environmental" factors, personal characteristics, labour market attributes, and a series of year variables. Separate models are estimated for eight age-sex groups."--Abstract. |
| 520 | 3 |aPanel logit models of the probability of moving from one year to the next are estimated using samples derived from the Longitudinal Administrative Database covering the period 1982-95. Explanatory variables include environmental factors, personal characteristics, labour market attributes, and a series of year variables. Separate models are estimated for eight age-sex groups.--Abstract |
| 563 | |aRing binding |
| 590 | |a00-37|b2000-09-15 |
| 710 | 2 |aStatistics Canada. |bAnalytical Studies Branch. |
| 720 | 1 |aFinnie, Ross |
| 775 | 08|tQui sont les migrants? Analyse de la migration interprovinciale au Canada fondée sur un modèle logit par panel / |w(CaOODSP)9.625136 |
| 776 | 0#|tWho moves? A panel logit model analysis of inter-provincial migration in Canada / |w(CaOODSP)9.574658 |
| 830 | #0|aResearch paper series,|x1200-5223|v142|w(CaOODSP)9.514463 |
| 986 | |a11F0019-MPF |